000 01053nam a22003137a 4500
003 CHAP
005 20220329140536.0
008 971013s1968 r 00010 d
010 _a53623
011 _a54595
035 _a58746
040 _cCHAP
082 _a631.4
_bR8
100 0 0 _aRuiz B., Elías.
_9100609
245 _aEstudio detallado de suelos del sector río Palo-río Desbaratado para fines agrícolas (Departamento del Cauca)
260 _aBogotá :
_bInstituto Geográfico Agustín Codazzi. Departamento Agrológico,
_c1968
300 _a278 p.
_b: ilus. ; mapa
490 _aVol. 4
_v; 2
590 _aBATCH-UPD
_b10
_c20130110
_lUCH01
_h0453
590 _aBATCH-UPD
_b10
_c20130110
_lUCH01
_h2323
590 _aBATCH-UPD
_b10
_c20130410
_lUCH01
_h1613
590 _aBATCH-UPD
_b10
_c20130914
_lUCH01
_h2037
590 _aCONVERSION
_b10
_c20130109
_lUCH01
_h1329
650 1 4 _aSuelos
_xColombia.
_9110276
830 0 _aVol. 4
_v; 2
_9120634
901 _aBK
942 _cLIBRO
949 _a631.4 R8
_bBC
_cMUT
_d-127341
_eMUT
_h38941
_i58746
_si
999 _c53623
_d53623